000 00944nam a2200289 a 4500
001 36451
003 BD-RjUL
005 20211209052504.0
008 140624s1986 caua b 001 0 eng d
020 _a0534055982 (pbk.) :
035 _a(BD-RjUL)36551
040 _aDLC
_cDLC
_dDLC
_dBD-RjUL
_beng
041 _aeng
082 0 0 _a320.973
_219
_bDYA 1985
100 1 _aDye, Thomas R.
_95146
245 1 0 _aAmerican politics in the media age /
_cThomas R. Dye, Harmon Zeigler.
250 _a2nd ed.
260 _aMonterey, Calif. :
_bBrooks/Cole Pub. Co.,
_cc1986.
300 _axviii, 396 p. :
_bill.;
_c24 cm.
504 _aIncludes bibliographies and indexes.
650 0 _aMass media
_xPolitical aspects
_zUnited States.
_9110977
651 0 _aUnited States
_xPolitics and government.
_9110978
700 1 _aZeigler, L. Harmon
_q(Luther Harmon),
_d1936-
_9110979
942 _2ddc
_cBK
999 _c36451
_d36451